| 000 | 01750nam a2200361Ia 4500 | ||
|---|---|---|---|
| 001 | ebr10313955 | ||
| 003 | CaPaEBR | ||
| 006 | m u | ||
| 007 | cr cn||||||||| | ||
| 008 | 080624s2008 ncua sb 001 0 eng d | ||
| 010 | _z 2008027785 | ||
| 020 | _z9780807832646 (cloth : alk. paper) | ||
| 020 | _z9780807859360 (pbk. : alk. paper) | ||
| 040 |
_aCaPaEBR _cCaPaEBR |
||
| 035 | _a(OCoLC)646811427 | ||
| 050 | 1 | 4 |
_aE98.B7 _bL36 2008eb |
| 245 | 0 | 4 |
_aThe land has memory _h[electronic resource] : _bindigenous knowledge, native landscapes, and the National Museum of the American Indian / _cedited by Duane Blue Spruce and Tanya Thrasher. |
| 250 | _a1st ed. | ||
| 260 |
_aChapel Hill : _bUniversity of North Carolina Press in association with the National Museum of the American Indian, Smithsonian Institution, _cc2008. |
||
| 300 |
_axv, 166 p. : _bill. |
||
| 504 | _aIncludes bibliographical references and index. | ||
| 533 |
_aElectronic reproduction. _bPalo Alto, Calif. : _cebrary, _d2009. _nAvailable via World Wide Web. _nAccess may be limited to ebrary affiliated libraries. |
||
| 610 | 2 | 0 |
_aNational Museum of the American Indian (U.S.) _xBuildings _vPictorial works. |
| 650 | 0 |
_aIndians of North America _xEthnobotany _zWashington (D.C.) _vPictorial works. |
|
| 650 | 0 |
_aEthnobotany _zWashington (D.C.) _vPictorial works. |
|
| 650 | 0 |
_aLandscape gardening _zWashington (D.C.) _vPictorial works. |
|
| 655 | 7 |
_aElectronic books. _2local |
|
| 700 | 1 | _aBlue Spruce, Duane. | |
| 700 | 1 | _aThrasher, Tanya. | |
| 710 | 2 | _aNational Museum of the American Indian (U.S.) | |
| 710 | 2 | _aebrary, Inc. | |
| 856 | 4 | 0 |
_uhttp://site.ebrary.com/lib/rucke/Doc?id=10313955 _zAn electronic book accessible through the World Wide Web; click to view |
| 999 |
_c57742 _d57742 |
||